Регионална библиотека "Любен Каравелов" - Русе

Себастиан и Тролът (Запис номер 332713)

MARC детайли
000 -Лидер
Контролно поле с фиксирана дължина nam a22 a 4500
003 - Код на организацията, давaща контролен номер
Контролно поле BLK
005 - Дата и час на последна редакция
Контролно поле 20230403110749.0
008 - Елементи от данни с фиксирана дължина
fixed length control field 190711b bu ||||| |||| 00| 0 bu d
040 ## - Източник на каталожния запис
Идентификатор на билиотеката - собственик на записа BLK
041 ## - Код за език
Код за езика на текст/звукозапис или на отделно заглавие Български
Код за езика КДБФ Български
080 ## - УДК
Текстов определител УДК Шведска литература
УДК код - определител по УДК 821.113.6
УДК определител -32
УДК - код + определител 821.113.6-32
100 ## - Редна дума - Автор
R(LIN) 340332
Автор Бакман, Фредрик
Авторска отговорност първи автор
245 ## - Сведения за заглавието
Заглавие Себастиан и Тролът
Подзаглавни данни кратък разказ за чувствата
Редно поле (дума) Фредрик Бакман
260 ## - Област на издателските данни
9 (RLIN) 217021
Място на издаване, разпространение и проч. София
Име на издателя, разпространителя и проч. Сиела Норма
Година на издаване 2018
300 ## - Физическа характеристика
Страници 32 с
Размери/Мащаб 18 см
380 ## - Жанр
Жанр Худож. лит.
700 ## - Други автори (авторска отговорност)
9 (RLIN) 367630
Лично име Дамянов, Дамян
Автороска отговорност (Описва отношението между автора и произведението) ил.
700 ## - Други автори (авторска отговорност)
Лично име Гиздов, Любомир Емилов
9 (RLIN) 455395
852 ## - Местоположение
Фондова буква Хранилище
999 ## - СИСТЕМНИ КОНТРОЛНИ НОМЕРА
Koha biblionumber 332713
Koha biblioitemnumber 332713
942 ## - АРТИКУЛИ
Вид на библиотечния материал Книги
Скрит в OPAC Не
Koha issues (borrowed), all copies 2
944 ## - СЪЗДАВАНЕ И РЕДАКЦИЯ на ЗАПИСА
Създаване/Редакция Създаване
Дата на регистрацията/редакция 2019-07-11
Служител, извършил регистрацията/редакцията В.Р
Наличности
Код за отписване Код за изгубен артикул Източник на класификационната схема Код за повреда Код за отдаване Артикулен № Име на библиотеката - собственик Име на библиотеката, в която се намира в момента Статус (Текущо местоположение) Дата на вписване в системата Местоположение - отдел Цена в лева Систематично азбучна сигнатура Баркод Цена в евро Служебен тип на артикула
  Не е изгубен Universal Decimal Classification Не е повреден ползва се в читалня 730738 Регионална библиотека "Любен Каравелов" Русе Регионална библиотека "Любен Каравелов" Русе Хранилище 2019-07-16 Основен фонд - ползва се само за читалня 8.00 Цб І 38143 120000834183 4.09 Книги
  Не е изгубен Universal Decimal Classification Не е повреден заемане за дома 730742 Регионална библиотека "Любен Каравелов" Русе Регионална библиотека "Любен Каравелов" Русе Детски отдел 2019-07-16 Детски отдел 8.00 ДХ 820/899/Б 16 120000834184 4.09 Книги
Vip Innovations Ltd, Rousse, Bulgaria 2025